| 000 | 00477nam a2200157 a 4500 | ||
|---|---|---|---|
| 005 | 20140414093845.0 | ||
| 008 | 091013s19uu xx 00 eng d | ||
| 050 |
_aVCD 374.001 _bW63(1) 2000 |
||
| 100 | _aWiggins, Grant | ||
| 245 |
_aUnderstanding by design : _cGrant Wiggins. _bWhat is understanding? / |
||
| 650 |
_aCurriculum planning _xUnited States. |
||
| 650 |
_aCurriculum based _xassessment _xUnited States. |
||
| 650 | _aLearning. | ||
| 942 | _cAVM | ||
| 999 |
_c109548 _d109548 |
||